LEADER 01123nam0-2200349-i-450 001 990009818030403321 005 20230405112705.0 010 $a978-88-6190-131-5 035 $a000981803 035 $aFED01000981803 035 $a(Aleph)000981803FED01 035 $a000981803 100 $a20140203d2011----km-y0itay50------ba 101 0 $aita 102 $aIT 105 $ay-------001yy 200 1 $a<>golpe inglese$e[da Matteotti a Moro : le prove della guerra segreta per il controllo del petrolio e dell'Italia]$fMario José Cereghino, Giovanni Fasanella 210 $aMilano$cChiarelettere$d2011 215 $a354 p.$d21 cm 225 1 $aPrincipio attivo 610 0 $aItalia e Gran Bretagna$aRelazioni economiche e commerciali$a1924-1978 610 0 $aIndustria petrolifera$aItalia$a1924-1978 676 $a945.092$v22$zita 700 1$aCereghino,$bMario J.$0522041 701 1$aFasanella,$bGiovanni$0259712 801 0$aIT$bUNINA$gRICA$2UNIMARC 901 $aBK 912 $a990009818030403321 952 $aDIC / CER 1$fBFS 959 $aBFS 996 $aGolpe inglese$9835185 997 $aUNINA LEADER 01625nam 2200541 a 450 001 9910777347103321 005 20210114014812.0 035 $a(CKB)1000000000000598 035 $a(OCoLC)70769100 035 $a(CaPaEBR)ebrary10005867 035 $a(SSID)ssj0000276892 035 $a(PQKBManifestationID)11212945 035 $a(PQKBTitleCode)TC0000276892 035 $a(PQKBWorkID)10226154 035 $a(PQKB)11056650 035 $a(MiAaPQ)EBC3386043 035 $a(EXLCZ)991000000000000598 100 $a20150424d2001 uy| 0 101 0 $aeng 135 $aur||||||||||| 181 $ctxt 182 $cc 183 $acr 200 10$aAng Lee$b[electronic resource] 210 $aHarpenden, GBR $cPocket Essentials$d2001 210 $cPocket Essentials 215 $a1 online resource (96 p.) 225 1 $aPocket essentials. Film 300 $aBibliographic Level Mode of Issuance: Monograph 311 $a1-903047-71-4 410 0$aPocket essential.$pFilm. 606 $aMotion picture producers and directors$zTaiwan$vBiography 606 $aPERFORMING ARTS$2bisac 606 $aFilm & Video / History & Criticism$2bisac 606 $aFilm$2HILCC 606 $aMusic, Dance, Drama & Film$2HILCC 615 0$aMotion picture producers and directors 615 7$aPERFORMING ARTS 615 7$aFilm & Video / History & Criticism 615 7$aFilm 615 7$aMusic, Dance, Drama & Film 700 $aCheshire$b Ellen$01485577 801 0$bPQKB 801 2$bAzTeS 906 $aBOOK 912 $a9910777347103321 996 $aAng Lee$93704780 997 $aUNINA